00381pab a2200133 454500008004000000100002800040245008700068260000900155300001100164362000800175650003400183650001400217773001600231180718b2001 xxu||||| |||| 00| 0 eng d aMeenakshisundaram, S.S. aPanchayat raj institutions in natural resources management: finding from Karnataka c2001 ap.9-18 aSep aPanchayat - India - Karnataka aPanchayat aKurukshetra